Aimé Bonpland en Sudamérica (Registro nro. 19770)

Detalles MARC
000 -CABECERA
Campo de control 00762nam a22002297a 4500
005 - FECHA Y HORA DE LA ULTIMA TRANSACCION
Campo de control 20180803170417.0
008 - ELEMENTOS DE LONGITUD FIJA—INFORMACION GENERAL
Campo de control 170824b17731858ag ||||| |||| 00| 0 spa d
040 ## - FUENTE DE CATALOGACIÓN
Agencia catalogadora original CO-BoIAVH
Agencia transcriptora CO-BoIAVH
041 ## - IDIOMA
Código de idioma para texto/pista de sonido o título separado Español
044 ## - PAÍS DE PUBLICACIÓN
País de publicación Argentina
082 ## - NUMERO DE CLASIFICACION DECIMAL DEWEY
Número de clasificación 925.8
Número del ítem M98a
110 ## - ASIENTO PRINCIPAL--NOMBRE CORPORATIVO
Nombre corporativo o de jurisdicción como elemento de entrada Museo Argentino de Ciencias Naturales, Bernardino Rivadavia
9 (RLIN) 83504
245 10 - MENCION DE TITULO
Título Aimé Bonpland en Sudamérica
260 ## - PUBLICACION, DISTRIBUCION, ETC. (PIE DE IMPRENTA)
Lugar de publicación, distribución, etc. Argentina:
Nombre del editor, distribuidor, etc. Museo Argentino de Ciencias Naturales, Bernardino Rivadavia,
Fecha de publicación, distribución, etc. s.f.
300 ## - DESCRIPCION FISICA
Extensión 70. páginas
Otros detalles físicos fotografías, ilustraciones
Dimensiones 30 x 21
650 14 - ASIENTO SECUNDARIO DE MATERIA - TERMINO TEMATICO
Término temático o nombre geográfico como elemento de entrada Aimé Bonpland
Subdivisión general Historia
9 (RLIN) 83530
650 14 - ASIENTO SECUNDARIO DE MATERIA - TERMINO TEMATICO
Término temático o nombre geográfico como elemento de entrada Aimé Bonpland
Subdivisión general Viajes
9 (RLIN) 83531
650 14 - ASIENTO SECUNDARIO DE MATERIA - TERMINO TEMATICO
Término temático o nombre geográfico como elemento de entrada Científicos
9 (RLIN) 83532
650 14 - ASIENTO SECUNDARIO DE MATERIA - TERMINO TEMATICO
Término temático o nombre geográfico como elemento de entrada Botánicos
9 (RLIN) 96201
650 14 - ASIENTO SECUNDARIO DE MATERIA - TERMINO TEMATICO
Término temático o nombre geográfico como elemento de entrada Manuscritos
9 (RLIN) 83534
942 ## - ELEMENTOS ADICIONALES (KOHA)
Sistema de clasificación Dewey Decimal Classification
Tipo de ítem Libro
Existencias
Withdrawn status Lost status Sistema de Clasificación Damaged status No para préstamo Colección Inventariado Ubicación Permanente Ubicación actual Fecha de adquisición Fuente de Valor Valor Total Checkouts Número topográfico Inventario / Código de Barras Date last seen Ejemplar Price effective from Forma de adquisición Tipo de material
    Dewey Decimal Classification     General Inventariado 2017 Bogotá Bogotá 24/08/2017 Instituto 39000.00   LB-925.8 M98a 042774 24/08/2017 Ej. 1 24/08/2017 Donación Libro